000
00329nam a2200133Ia 4500
008
240624s9999 xx 000 0 und d
041
_a
eng
082
_a
519.5 FAH
100
_a
FAHRMEIR L
245
_a
REGRESSION MODELS METHODS AND APPLICATIO
260
_c
2013
_a
New Delhi
_b
Springer
300
_a
698 : p.
365
_c
ERU
_b
28
999
_c
23991
_d
23991